| 000 | 00447nam a22001457a 4500 | ||
|---|---|---|---|
| 999 |
_c133611 _d133611 |
||
| 005 | 20240327093113.0 | ||
| 008 | 240327b ||||| |||| 00| 0 eng d | ||
| 040 | _cPK-LaUMT | ||
| 082 |
_aAPC 297.4 _bMIR-R |
||
| 100 | _aMir Wali ud Din = میر ولی الدین | ||
| 245 |
_aRamooz i ashiq = رموز عشق / _cby Mir Wali ud Din = میر ولی الدین |
||
| 260 |
_aLahore : _bProgressive Books, _c1991 |
||
| 300 | _a208 p. | ||
| 942 | _cBK | ||